Auditing Cases
שמור ב:
| מחבר ראשי: | |
|---|---|
| פורמט: | ספר |
| שפה: | Undetermined |
| יצא לאור: |
Canada
Thomson South-Western
2007
|
| נושאים: | |
| גישה מקוונת: | http://lrc.tdmu.edu.vn/opac/search/detail.asp?aID=2&ID=7456 |
| תגים: |
הוספת תג
אין תגיות, היה/י הראשונ/ה לתייג את הרשומה!
|
| Thư viện lưu trữ: | Trung tâm Học liệu Trường Đại học Thủ Dầu Một |
|---|
| LEADER | 00586nam a2200193Ia 4500 | ||
|---|---|---|---|
| 001 | TDMU_7456 | ||
| 008 | 210410s9999 xx 000 0 und d | ||
| 082 | |a 657 | ||
| 090 | |b D521 | ||
| 100 | |a Drury, Colin | ||
| 245 | 0 | |a Auditing Cases | |
| 245 | 0 | |c Michael C. Knapp | |
| 260 | |a Canada | ||
| 260 | |b Thomson South-Western | ||
| 260 | |c 2007 | ||
| 300 | |a xxi, 448 p | ||
| 650 | |a Auditing |v Case studies; Forensic accounting |v Case studies | ||
| 856 | |u http://lrc.tdmu.edu.vn/opac/search/detail.asp?aID=2&ID=7456 | ||
| 980 | |a Trung tâm Học liệu Trường Đại học Thủ Dầu Một | ||